Suomen lakkautetut rautatieasemat - Statistics

Yleistilastot
  • Tätä visaa on pelattu 118 kertaa
    101 viimeisimmän päivityksen jälkeen
  • Keskiarvotulos 54 / 1992
Vastaustilastot
Hint Vastaus % Oikein
03.09.2006 Ii
46%
30.05.1965 Saha
43%
29.05.1988 Rauma
37%
01.01.1993 Uusikaupunki
37%
22.05.1966 Vähä
37%
26.05.1968 Hamina
35%
27.09.1987 Kuusa
35%
29.05.1983 Nakkila
33%
01.09.1965 Ranta
33%
05.06.2005 Saari
33%
29.05.1988 Joroinen
30%
29.05.1983 Kangas
30%
??.??.1944 Karhu
30%
31.05.1970 Sotka
30%
01.12.1969 Ilomantsi
28%
28.05.1967 Lauri
28%
01.01.1993 Masku
28%
27.05.1972 Naantali
28%
29.05.1988 Rantasalmi
28%
28.05.1967 | ??.??.1944 Salla
28%
27.05.1990 Simo
28%
15.05.1938 Sotkamo
28%
01.09.1953 Eura
26%
27.05.1990 Haukipudas
26%
20.06.2016 Inkoo
26%
23.05.1993 Kangasala
26%
31.05.1981 Kankaanpää
26%
27.09.1964 Kaskinen
26%
20.06.2016 Laihia
26%
25.09.1983 Lohja
26%
01.08.1952 | 31.05.1970 Loviisa
26%
29.05.1988 Perniö
26%
31.05.1981 Pomarkku
26%
01.01.1993 Raisio
26%
??.09.1944 Sortavala
26%
??.??.1944 Viipuri
26%
01.01.1969 Haaga
24%
26.05.1968 Heinä
24%
23.05.1982 Hyrynsalmi
24%
26.05.1968 Ilmajoki
24%
01.06.2003 Koivu
24%
26.05.1968 Kristiinankaupunki
24%
26.05.1968 Kurikka
24%
01.08.1952 | 31.05.1970 Lapinjärvi
24%
27.09.1987 Laukaa
24%
27.05.1990 Liminka
24%
27.09.1964 Närpiö
24%
31.05.1970 Nastola
24%
31.05.1981 Noormarkku
24%
25.09.1966 Raahe
24%
28.05.1978 Saarijärvi
24%
01.12.1955 Savo
24%
01.12.1955 Vessi
24%
31.05.1981 Virrat
24%
27.09.1987 Äänekoski
22%
02.06.1991 Aura
22%
01.06.1969 Halli
22%
20.06.2016 Isokyrö
22%
28.05.1961 Karkkila
22%
29.05.1983 Kokemäki
22%
01.08.1952 Lahti
22%
23.05.1971 Lauritsala
22%
02.06.1991 Lieto
22%
28.05.1989 Liperi
22%
01.01.1993 Mynämäki
22%
29.05.1988 Paimio
22%
31.05.1981 Porvoo
22%
01.12.1956 Valkeakoski
22%
30.06.1954 Forssa
20%
01.06.1969 Halikko
20%
26.05.1968 Heinola
20%
29.05.1988 Hollo
20%
30.06.1954 Humppila
20%
30.05.1970 Jälä
20%
02.09.2006 Jalasjärvi
20%
01.06.1969 Jämsänkoski
20%
27.05.1990 Kälviä
20%
31.05.1964 Karhi
20%
26.05.1968 Kauhajoki
20%
25.09.1983 Korpi
20%
29.05.1988 Luumäki
20%
29.05.1988 Messukylä
20%
29.05.1983 Nurmo
20%
01.12.1974 Pietarsaari
20%
27.05.1990 Sievi
20%
29.05.1983 Ulvila
20%
01.08.1952 | 31.05.1970 Artjärvi
17%
29.05.1988 Eurajoki
17%
28.05.1967 Karunki
17%
27.05.1990 Kempele
17%
31.05.1981 Kihniö
17%
01.06.1969 | ??.??.1944 Koivisto
17%
29.05.1988 Koski
17%
29.05.1983 Kruunupyy
17%
03.09.2006 Kuivaniemi
17%
02.06.1991 Kyrö
17%
01.03.1953 Mänttä
17%
01.06.1942 Martti
17%
01.08.1952 | 31.05.1970 Myrskylä
17%
??.??.1944 Niva
17%
27.05.1990 Nousiainen
17%
01.08.1952 | 31.05.1970 Orimattila
17%
02.06.2002 Otava
17%
27.05.1979 Parikka
17%
27.05.1995 Peräseinäjoki
17%
26.05.1968 Pihtipudas
17%
14.08.1987 Piikkiö
17%
28.05.1989 Rautjärvi
17%
23.05.1982 Ristijärvi
17%
01.06.1997 Urjala
17%
28.05.1983 Ylöjärvi
17%
30.06.1954 Jokioinen
15%
28.05.1989 Juankoski
15%
26.05.1968 Kannonkoski
15%
26.05.1968 Karijoki
15%
27.05.1979 Kello
15%
31.05.1964 Musta
15%
27.03.2016 Nuppulinna
15%
02.06.1957 Outokumpu
15%
31.05.1981 Puro
15%
27.03.2016 Purola
15%
28.05.1989 Siuro
15%
03.09.2006 Taavetti
15%
23.05.1982 Taivalkoski
15%
03.06.1956 Uusikaarlepyy
15%
17.08.1993 Vuokatti
15%
20.06.2016 Ylistaro
15%
25.09.1966 Aho
13%
??.??.1944 Jäppilä
13%
28.05.1989 Kauvatsa
13%
??.??.1944 Kuolajärvi
13%
02.06.1985 Kylmäkoski
13%
27.03.2016 | 28.05.1978 Luoma
13%
27.05.1990 Mellilä
13%
26.05.1968 Mieto
13%
30.05.1992 Mustasaari
13%
31.05.1964 Palo
13%
28.05.1995 Pelto
13%
31.05.1970 Perttu
13%
27.09.1987 Suolahti
13%
26.05.1968 Teuva
13%
02.06.1991 Jepua
11%
27.05.1990 Kalanti
11%
29.05.1983 Kiikka
11%
29.05.1988 Kiukainen
11%
03.06.1984 Koivula
11%
01.04.1942 Kontiola
11%
27.05.1990 Kontiolahti
11%
26.05.1968 Koskenkorva
11%
??.??.1944 Kuolemajärvi
11%
27.05.1962 Lanki
11%
25.09.1988 Laurila
11%
27.03.2016 Mankki
11%
01.08.1952 Niemi
11%
25.09.1983 Nummela
11%
03.06.1984 Pikkarala
11%
??.??.1940 Terijoki
11%
01.06.1987 Tohmajärvi
11%
27.05.1990 Töysä
11%
01.12.1966 Turtola
11%
01.06.1975 Utti
11%
30.05.1992 Vähäkyrö
11%
31.05.1981 Vanaja
11%
31.05.1971 Vehka
11%
03.06.1984 Alapitkä
9%
27.05.1990 Eskola
9%
??.??.1944 Hämee
9%
??.??.1944 Impilahti
9%
31.05.1981 Jämijärvi
9%
29.05.1960 Käki
9%
28.05.1989 Kangaslampi
9%
03.06.1973 Kitti
9%
03.06.1984 Kokko
9%
01.03.1953 Koskela
9%
01.06.1980 Kuurila
9%
22.05.1937 Lahdenpohja
9%
01.06.1969 Länkipohja
9%
28.05.1983 Lielahti
9%
14.08.1987 Littoinen
9%
28.05.1978 Luha
9%
03.06.1956 Mäki
9%
12.08.1996 Monni
9%
25.09.1983 Mustio
9%
31.05.1981 Niinisalo
9%
01.06.1942 Nikki
9%
31.05.1981 Nikkilä
9%
??.??.1944 Nurmi
9%
12.08.1996 Palopuro
9%
03.06.1984 Pöljä
9%
03.06.1956 Pudas
9%
25.09.1983 Rajamäki
9%
01.12.1969 Tuupovaara
9%
29.05.1983 Ypäjä
9%
01.05.1995 Aavasaksa
7%
01.06.2003 Äetsä
7%
31.05.1981 Ahjo
7%
01.10.1951 Ahola
7%
02.06.1957 Ahonkylä
7%
09.01.2005 Amuri
7%
31.05.1981 Epilä
7%
05.06.2005 Hammaslahti
7%
01.12.1980 Hanala
7%
01.06.1980 Harju
7%
??.??.1944 Heinjoki
7%
01.09.1964 Hieta
7%
02.06.2002 Hillosensalmi
7%
31.05.1981 Hinthaara
7%
27.05.1979 Hirvas
7%
03.06.1984 Huttula
7%
31.05.1992 Huutokoski
7%
??.??.1944 Johannes
7%
26.05.1968 Kainasto
7%
29.05.1983 Kalkku
7%
??.??.1944 Kanneljärvi
7%
01.06.1975 Karhila
7%
27.09.1964 Karila
7%
03.06.1984 Kintaus
7%
26.05.1968 Koivulahti
7%
27.05.1990 Korkeakoski
7%
02.06.1991 Kulju
7%
31.05.1992 Kulus
7%
03.06.1984 Kuohu
7%
27.05.1990 Laukkala
7%
28.05.1978 Linna
7%
03.06.1956 Martinniemi
7%
29.05.1988 Mattila
7%
26.05.1968 Metsäkylä
7%
29.05.1988 Moisio
7%
03.06.1973 Nokela
7%
??.09.1944 Pälkjärvi
7%
01.06.1975 Pateniemi
7%
25.09.1966 Pattijoki
7%
26.05.1968 Perälä
7%
31.05.1998 Ristinummi
7%
01.06.1975 Rova
7%
25.09.1983 Röykkä
7%
27.05.1990 Ruutana
7%
??.09.1944 Rytty
7%
28.05.1988 Sääksjärvi
7%
12.08.1996 Takoja
7%
26.05.1968 Tiukka
7%
26.05.1979 Tupos
7%
31.05.1992 Vaajakoski
7%
??.??.1944 Valkjärvi
7%
17.08.1993 Valtimo
7%
14.08.1987 Varissuo
7%
03.06.1984 Vesanka
7%
01.12.1953 Ylihärmä
7%
31.05.1970 Aatola
4%
26.05.1968 Ahtiala
4%
30.05.1976 Aittaluoto
4%
19.09.1944 Antrea
4%
03.06.1984 Asunta
4%
??.??.1944 Äyräpää
4%
26.05.1968 Äystö
4%
22.05.1977 Dynamiittivaihde
4%
19.09.1944 Elisenvaara
4%
23.05.1971 Haapasaari
4%
22.05.1977 Haimila
4%
01.06.1969 Hajala
4%
28.05.1967 Halme
4%
31.05.1970 Hangas
4%
26.05.1974 Hapuoja
4%
26.05.1968 Harjankylä
4%
03.06.1973 Harjula
4%
29.05.1983 Harjuniitty
4%
??.??.1944 Harlu
4%
31.05.1981 Harviala
4%
27.05.1979 Hatanpää
4%
01.12.1969 Heinävaara
4%
31.05.1992 Hennala
4%
05.01.1963 Herttoniemi
4%
??.??.1944 Hiekka
4%
27.09.1979 | ??.??.1944 Hietala
4%
??.??.2000 Hietanen
4%
31.05.1970 Hiilimäki
4%
29.05.1983 Hiirola
4%
31.05.1981 Honkakoski
4%
23.05.1971 Honkavaara
4%
01.03.1962 Hovila
4%
27.05.1990 Huikko
4%
30.05.1976 Hyrkäs
4%
31.05.1964 Iinatti
4%
??.??.1998 Ilola
4%
01.10.1951 Imatrankoski
4%
28.05.1978 Jaakkola
4%
03.06.1984 Jaalanka
4%
23.05.1982 Jokikylä
4%
02.06.1985 Jormua
4%
28.05.1967 Joutsijärvi
4%
31.05.1981 Jyrkkälä
4%
31.05.1981 Kairokoski
4%
01.12.1956 Keljo
4%
23.05.1993 Kivesjärvi
4%
??.??.1944 Kollaa
4%
27.05.1990 Koura
4%
01.09.1952 Kumpu
4%
??.??.1940 Kuokkala
4%
02.06.2002 Kurkimäki
4%
29.05.1994 Kytömaa
4%
01.10.1956 Lampi
4%
31.05.1981 Lapinneva
4%
17.08.1993 Latu
4%
26.05.1979 Lauste
4%
31.05.1981 Leppäkoski
4%
01.06.1980 Leteensuo
4%
03.06.1973 Liukko
4%
27.05.1979 Loue
4%
01.03.1956 Louhela
4%
03.06.1984 Maaria
4%
28.05.1972 Madekoski
4%
26.05.1968 Mäkelä
4%
27.05.1979 Maksniemi
4%
30.05.1954 Mäntyluoto
4%
03.06.1984 Meteli
4%
??.??.1944 Niemelä
4%
27.05.1990 Olhava
4%
01.06.1942 Olli
4%
03.06.1984 Paakki
4%
01.06.1969 Peltola
4%
30.05.1954 Pihlava
4%
28.09.1969 Pohjola
4%
01.01.1990 Putikko
4%
03.06.1984 Raasepori
4%
??.??.1940 Rajajoki
4%
01.03.1957 Rantala
4%
14.05.1949 Riihimäki
4%
26.05.1974 Ruoke
4%
31.05.1981 Ruosniemi
4%
31.05.1970 Sahi
4%
22.05.1977 Sammalisto
4%
26.05.1968 Seppälä
4%
22.05.1977 Simola
4%
30.05.1976 Strömberg
4%
??.??.1944 Suistamo
4%
??.??.1944 Suojärvi
4%
27.05.1990 Sydänmaa
4%
25.09.1966 Toppi
4%
09.01.2005 Uusikylä
4%
01.06.1948 Vaara
4%
03.06.1973 Veneskoski
4%
26.05.1968 Vierumäki
4%
06.12.2007 Vika
4%
25.05.1970 Villähde
4%
25.09.1983 Virkkala
4%
01.06.1942 Virtala
4%
28.05.1989 Ylämylly
4%
28.05.1967 Aapajärvi
2%
28.05.1967 Aapajoki
2%
31.05.1970 Aappola
2%
29.05.1960 Aatami
2%
??.??.1944 Ahkio
2%
01.12.1962 Ahmaneva
2%
31.05.1970 Ahmavaara
2%
03.06.1984 Aholahti
2%
31.05.1970 Ahonpää
2%
01.06.1980 Ahonperä
2%
01.06.1975 Ahovaara
2%
01.12.1955 Ahvenlampi
2%
29.05.1983 Ahvenus
2%
02.06.2002 Airaksela
2%
22.05.1977 Airola
2%
01.12.1969 Aisalampi
2%
26.05.1974 Aitomäki
2%
30.05.1965 Aitoneva
2%
27.05.1990 Aittojärvi
2%
01.03.1946 Aittokallio
2%
01.06.1950 Akkala
2%
01.06.1942 Ala-Kunnari
2%
31.05.1981 Alanurmo
2%
01.06.1969 Alapartala
2%
??.??.1944 Alattu
2%
28.05.1967 Alavojakkala
2%
31.05.1980 Alfa
2%
01.06.1969 Alhojärvi
2%
15.02.1945 Alistupa
2%
31.05.1981 Ali-Vekkoski
2%
28.05.1967 Alkkula
2%
26.05.1968 Alvajärvi
2%
22.05.1966 Ämmänsaari
2%
28.05.1978 Ankeriasjärvi
2%
01.08.1952 | 31.05.1970 Anterus
2%
01.06.1942 Antilankylä
2%
16.05.1943 Antinkangas
2%
31.05.1981 Anttila
2%
01.06.1969 Arola
2%
01.06.1969 Arolampi
2%
31.05.1981 Arometsä
2%
28.05.1967 Arpela
2%
26.05.1968 Aurala
2%
01.04.1942 Autio
2%
27.05.1990 Bomba
2%
31.05.1981 Ellilä
2%
30.05.1954 Enäjärvi
2%
??.??.1944 Enja
2%
26.05.1968 Enonjärvi
2%
01.06.1969 Eräslahti
2%
22.05.1977 Ervelä
2%
01.08.1952 | 31.05.1970 Eskilom
2%
01.12.1955 Eteläkonttila
2%
31.05.1970 Etelä-Orimattila
2%
22.05.1977 Fiskari
2%
26.05.1974 Haanpää
2%
01.06.1987 Haapakko
2%
29.05.1988 Haapakoski
2%
01.06.1975 Haapakylä
2%
27.05.1990 Haapalahti
2%
23.05.1971 Haapaniemi
2%
03.06.1984 Haapanoro
2%
03.06.1984 Haapataipale
2%
23.05.1971 Haapavatia
2%
01.06.1975 Haarala
2%
03.06.1984 Haarankallio
2%
02.06.1973 Haavisto
2%
31.05.1970 Haddom
2%
31.05.1992 Hahmajärvi
2%
01.12.1955 Hahtomaa
2%
26.05.1968 Haikula
2%
01.12.1955 Haimakainen
2%
??.??.1944 Haimio
2%
31.05.1970 Haimoo
2%
28.05.1973 Haistila
2%
26.05.1968 Haittaperä
2%
01.06.1942 Hakala
2%
03.06.1984 Hakasuo
2%
29.05.1988 Hakkari
2%
01.06.1942 Hakojärvi
2%
23.05.1971 Hakolahti
2%
31.05.1981 Haksi
2%
26.05.1968 Hakuni
2%
26.09.1987 Halla-aho
2%
23.05.1982 Hallavaara
2%
01.03.1957 Halmemäki
2%
16.01.1945 Halola
2%
31.05.1970 Halttula
2%
01.09.1964 Hangon satama
2%
28.05.1967 Hanhela
2%
31.05.1970 Hanhikoski
2%
31.05.1970 Hanhiperä
2%
19.09.1944 Hannila
2%
??.??.1944 Hannukkala
2%
01.06.1953 Häntälä
2%
31.05.1970 Häppälä
2%
01.12.1955 Hapuli
2%
01.12.1955 Harakkala
2%
01.06.1969 Haravakylä
2%
01.10.1956 Harjunpää
2%
31.05.1981 Härkönen
2%
31.05.1964 Härmänmäki
2%
01.12.1969 Härminvaara
2%
29.05.1988 Harola
2%
31.05.1970 Harva
2%
01.06.1980 Hasa
2%
01.06.1975 Hassila
2%
01.06.1948 Haukioja
2%
27.05.1990 Haukka
2%
01.12.1955 Haunia
2%
28.05.1972 Hauta-aho
2%
23.05.1971 Haveri
2%
29.05.1988 Haviseva
2%
31.05.1970 Häyrilä
2%
01.12.1955 Heikoinen
2%
30.05.1970 Heinämäki
2%
29.05.1983 | 30.09.1965 Heinoo
2%
30.04.1946 Helistö
2%
??.??.1954 Helle
2%
01.12.1955 Hemminki
2%
01.12.1955 Hepokangas
2%
14.08.1962 Hepokari
2%
01.06.1949 Hepola
2%
01.12.1969 Herajärvi
2%
23.05.1971 Hernesuo
2%
31.05.1970 Herolehto
2%
31.05.1981 Herralanmäki
2%
01.12.1955 Herraskoski
2%
31.05.1970 Hevoisneva
2%
03.06.1984 Hevonkoski
2%
31.05.1981 Hevossaari
2%
26.05.1968 Hiekkanummi
2%
28.05.1978 Hietama
2%
27.05.1990 Hietamäki
2%
28.09.1969 Hietaranta
2%
03.06.1956 Hietasalmi
2%
26.05.1974 Hiidenmäki
2%
01.09.1952 Hiirijärvi
2%
29.05.1988 Hiltula
2%
31.05.1981 Hinkka
2%
17.05.1966 Hinkua
2%
22.05.1977 Hinnus
2%
01.03.1957 Hippi
2%
26.05.1968 Hirsiahde
2%
03.06.1973 Hirsikangas
2%
27.05.1990 Hirsilä
2%
01.12.1953 Hirsimäki
2%
30.05.1965 Hirsiniemi
2%
01.12.1955 Hirsisuo
2%
01.03.1964 Hirstiö
2%
31.05.1970 Hirvenoja
2%
31.05.1981 Hirviaho
2%
31.05.1934 Hirvikumpu
2%
28.05.1983 Hirvineva
2%
01.04.1942 Hirviniemi
2%
29.05.1983 Hirviselkä
2%
31.05.1970 Hoho
2%
01.06.1969 Hoivala
2%
01.06.1980 Hokkanen
2%
23.05.1971 Holopanlahti
2%
01.06.1980 Honkala
2%
01.06.1975 | 01.12.1955 Honkalahti
2%
31.05.1970 Honkamaa
2%
??.??.1944 Honkaniemi
2%
29.05.1983 Honkaranta
2%
24.08.1981 Hopealinja
2%
01.12.1955 Hopiavuori
2%
02.06.2002 Horppu
2%
03.06.1973 Horsma
2%
01.03.1957 Höstvesi
2%
01.10.1962 Hotinvaara
2%
??.??.1944 Houni
2%
26.05.1963 Housuvaara
2%
??.??.1944 Hovinmaa
2%
01.12.1955 Hovinsilta
2%
28.05.1983 Höysälä
2%
29.05.1983 Höytämö
2%
01.12.1955 Höytiäinen
2%
31.05.1947 Huhta
2%
14.05.1933 Huhtaa
2%
??.??.1961 Huhtimo
2%
31.05.1981 Huhtola
2%
26.05.1974 Hukankoski
2%
31.05.1981 Hulaus
2%
28.05.1978 Humalamäki
2%
??.??.1944 Humaljoki
2%
28.05.1961 Hunsala
2%
26.05.1968 Huomola
2%
29.05.1983 Huovintie
2%
23.05.1982 Huuhkajavaara
2%
??.??.1944 Huumola
2%
17.08.1993 Huutoniemi
2%
26.05.1968 Hykkyrä
2%
23.05.1982 Hyrynjärvi
2%
22.05.1977 Hytti
2%
27.05.1979 Hyvärilä
2%
23.05.1982 Ihala
2%
22.05.1977 Ihalempi
2%
??.??.1961 Ihanainen
2%
01.12.1969 Iiksenniitty
2%
01.12.1969 Iiksenvaara
2%
01.06.1942 Iisakka
2%
01.12.1955 Iisakkala
2%
15.05.1936 Iisvesi
2%
26.05.1968 Iivari
2%
29.05.1988 Ikituuri
2%
01.06.1942 Ikola
2%
01.06.1948 Iloharju
2%
27.05.1979 Ilomäki
2%
28.05.1972 Imari
2%
26.05.1968 Immola
2%
01.06.1975 Immonen
2%
01.12.1962 Impivaara
2%
28.05.1967 Ingvalla
2%
27.05.1990 Inha
2%
30.05.1976 Isokangas
2%
26.05.1968 Isokoivu
2%
01.06.1942 Isokoski
2%
28.05.1967 Isokylä
2%
31.05.1981 Isoniitty
2%
01.12.1966 Isoranta
2%
30.05.1965 Itäkallio
2%
23.05.1982 Itälä
2%
29.05.1983 Itätalo
2%
26.05.1968 Itikka
2%
01.04.1942 Jaakonaho
2%
27.05.1979 Jaatila
2%
27.05.1990 Jakokoski
2%
29.05.1988 Järvensivu
2%
02.06.1991 Jeppas
2%
01.03.1953 Joenniemi
2%
23.05.1971 Joenpolvi
2%
22.05.1932 | 31.05.1981 Jokiharju
2%
26.05.1963 Jokimäki
2%
??.??.1954 Jokioisten kartano
2%
01.01.1954 Jokisuunkoski
2%
31.05.1970 Jokivarsi
2%
23.05.1971 Jonkkunen
2%
??.??.1940 Jonnisenmäki
2%
29.05.1988 Joroisniemi
2%
26.05.1968 Joukio
2%
15.04.1965 Jouppi
2%
26.05.1968 Jouppila
2%
26.05.1968 Joutjärvi
2%
23.05.1971 Joutsenjoki
2%
26.09.1982 Joutsenlahti
2%
03.06.1984 Juhola
2%
26.05.1974 Juholanmäki
2%
01.12.1969 Jukajärvi
2%
22.05.1977 Jukka
2%
31.05.1981 Junkkari
2%
26.05.1974 Junttola
2%
28.05.1989 Juojärvi
2%
01.12.1966 Juoksenki
2%
23.05.1971 Juola
2%
27.05.1990 Jutila
2%
27.05.1990 Juurikkalahti
2%
28.05.1989 Juurikorpi
2%
31.05.1970 Juustolampi
2%
26.05.1945 Jynttäri
2%
26.05.1968 Jyränkö
2%
01.10.1975 | 30.05.1954 Kaanaa
2%
26.05.1968 Kakkuri
2%
01.01.1993 Kalaranta
2%
03.06.1984 Kaleton
2%
26.05.1968 Kaleva
2%
29.05.1983 Kallio
2%
??.??.1944 Kämärä
2%
29.05.1983 Kantala
2%
31.05.1981 Kantolanniemi
2%
01.12.1955 Kärjenniemi
2%
26.05.1968 Kasuri
2%
02.06.1957 Kasurila
2%
31.05.1970 Katinhäntä
2%
02.06.1991 Kaunislahti
2%
01.12.1953 Kauppi
2%
28.05.1983 Kauppilanmäki
2%
01.09.1953 Kauttua
2%
31.05.1964 Kekkola
2%
27.05.1990 Kekomäki
2%
01.01.1993 Kela
2%
29.05.1983 Kilpua
2%
26.05.1968 Kivelä
2%
01.06.1969 Kivinen
2%
28.05.1989 Koivumäki
2%
15.02.1945 Kölli
2%
29.05.1983 Kolppi
2%
01.06.1954 Kopola
2%
31.05.1981 Korte
2%
01.06.1975 Koskenkylä
2%
26.09.1976 Koskensaari
2%
02.06.1985 Kuluntalahti
2%
01.06.1969 Kurkela
2%
28.05.1967 Kursu
2%
23.05.1982 Laaja
2%
01.04.1942 Laakso
2%
22.05.1966 Lahdenkylä
2%
01.06.1968 Lahdensuu
2%
01.06.1975 Lampela
2%
01.06.1969 Lankila
2%
01.06.1975 Lehmo
2%
03.06.1956 Lehtisaari
2%
23.05.1982 Leino
2%
31.05.1970 Leinola
2%
29.05.1963 Lepikko
2%
01.06.1942 Leppälä
2%
03.06.1984 Leppävesi
2%
28.05.1989 Leukaluut
2%
26.05.1968 Lohiluoma
2%
??.??.1944 Louko
2%
29.05.1983 Loukolampi
2%
28.05.1989 Luikonlahti
2%
26.05.1968 Luomankylä
2%
28.05.1989 Maavesi
2%
31.05.1964 Maja
2%
29.05.1988 Markkala
2%
01.12.1953 Markkula
2%
31.05.1981 Martinkylä
2%
27.05.1990 Matku
2%
03.06.1973 Mattinen
2%
20.08.1972 Metso
2%
30.05.1951 Minkiö
2%
29.05.1988 Multisilta
2%
29.05.1988 Munakka
2%
23.05.1971 Mustikka
2%
31.05.1964 Mutka
2%
27.05.1990 Mynttilä
2%
29.05.1983 Nerkoo
2%
28.05.1967 Niemenpää
2%
01.06.1987 Niirala
2%
26.05.1968 Nikkola
2%
31.05.1970 Niska
2%
28.05.1989 Nohkua
2%
31.05.1970 Noppo
2%
03.06.1984 Nuojua
2%
??.??.1944 Nurmela
2%
25.09.1983 Ojakkala
2%
??.??.1940 Ojala
2%
31.05.1992 Okeroinen
2%
??.??.1940 Ollila
2%
25.09.1983 Otalampi
2%
31.05.1970 Oulunlahti
2%
26.09.1976 Pahaniemi
2%
31.05.1992 Paltanen
2%
29.05.1988 Panelia
2%
26.05.1968 Panttila
2%
01.12.1955 Perkkiö
2%
27.05.1979 Peura
2%
01.06.1942 Peurala
2%
23.05.1971 Pörhölä
2%
27.05.1990 Porokylä
2%
22.05.1977 Pulsa
2%
27.05.1990 Pursijärvi
2%
22.05.1966 Raappana
2%
29.05.1988 Rantaperkiö
2%
02.06.2002 Rättimäki
2%
01.03.1977 Rauha
2%
01.12.1954 Rautio
2%
26.05.1968 Reitkalli
2%
28.05.1978 Riihivuori
2%
27.05.1979 Riippa
2%
26.05.1968 Rinne
2%
02.06.1991 Rödbrott
2%
31.05.1970 Roinila
2%
31.05.1970 Rokkala
2%
??.??.1944 Rovaniemi
2%
29.05.1983 Ruha
2%
01.01.1993 Sauvamäki
2%
29.05.1988 Säynäjärvi
2%
27.05.1990 Selänpää
2%
01.06.1954 Siikala
2%
26.05.1974 Simonen
2%
01.06.1942 Somppi
2%
30.05.1976 Soso
2%
27.05.1990 Suinula
2%
31.05.1970 Suomela
2%
28.05.1989 Suoniemi
2%
02.06.2002 Suontee
2%
01.01.1993 Tähtelä
2%
31.05.1981 Talma
2%
01.06.1969 Talviainen
2%
01.06.1951 | 01.06.1980 | 01.12.1955 Tanttari
2%
01.06.1987 | 10.06.1966 Tikkala
2%
01.11.1947 Toikka
2%
03.06.1984 Toivala
2%
26.05.1968 Tuomela
2%
27.05.1990 Tuomioja
2%
26.05.1968 Turja
2%
23.05.1971 Tyrri
2%
01.06.1975 Uro
2%
31.05.1970 Vaarala
2%
27.05.1990 Vähäjoki
2%
??.??.1957 Vallila
2%
29.05.1988 Vanattara
2%
29.05.1988 Vehmainen
2%
31.05.1992 Venetmäki
2%
27.09.1987 Vihtavuori
2%
26.05.1968 Viitinkylä
2%
27.05.1979 Vinnilä
2%
29.05.1988 Vuohenoja
2%
27.05.1990 Vuohijärvi
2%
02.06.1991 Vuohimäki
2%
29.05.1988 Vuojoki
2%
26.05.1968 Vuoksenniska
2%
01.11.1965 | ??.??.1940 Vuorela
2%
28.05.1967 Ylipää
2%
27.09.1987 Äänekosken keskusta
0%
03.06.1984 Ahmas
0%
29.05.1983 Äijäri
0%
01.08.1952 | 31.05.1970 Ämmälä
0%
26.05.1968 Änkilä
0%
01.03.1964 Armassaari
0%
22.05.1977 Ävänti
0%
01.06.1942 Gunnars
0%
31.05.1970 Haapaperä
0%
??.??.1944 Haapavaara
0%
01.12.1969 Haarasilta
0%
31.05.1992 Hakosilta
0%
31.05.1970 Halssila
0%
??.??.1944 Hämekoski
0%
??.??.1944 Hamo
0%
29.05.1983 Hanhisuo
0%
03.06.1973 Haukivaara
0%
26.05.1968 Häyhtiö
0%
??.09.1944 Helylä
0%
26.05.1968 Hevosjärvi
0%
23.05.1971 Hiirenniemi
0%
01.06.1975 Holkkola
0%
01.03.1953 Hopunlahti
0%
01.12.1955 Huhtia
0%
??.??.1944 Huuhanmäki
0%
23.05.1971 Huutoranta
0%
28.05.1961 Hyvinkää
0%
01.06.1942 Ilmailukoulu
0%
02.04.1943 Ino
0%
01.06.1954 Jääskeläinen
0%
23.05.1982 Jäkäläaho
0%
27.05.1990 Jamali
0%
26.05.1968 Jänhiälä
0%
01.12.1955 Jänisjoki
0%
31.05.1970 Jänismäki
0%
03.06.1973 Järilä
0%
01.04.1942 Järvikuona
0%
01.12.1956 Järvikylä
0%
28.05.1978 Järvilinna
0%
29.05.1988 Jussila
0%
15.05.1941 Jyskä
0%
29.05.1983 Kaakamo
0%
??.09.1944 Kaalamo
0%
01.06.1948 Kääpä
0%
31.05.1970 Kaappa
0%
25.09.1966 Kaara
0%
26.09.1987 Kaarela
0%
15.02.1945 Kaarleinen
0%
03.06.1984 Kaarnalampi
0%
??.??.1944 Kaartojoki
0%
01.12.1955 Kahala
0%
28.05.1978 Kaihlanen
0%
28.05.1967 Kainuunkylä
0%
28.05.1983 Kainuunmäki
0%
??.??.1944 Kaipaa
0%
22.05.1977 Kaipiainen
0%
15.02.1945 Kairinen
0%
01.12.1945 Kaisko
0%
??.??.1944 Kaislahti
0%
22.05.1977 Kaitjärvi
0%
01.12.1967 Kaivomäki
0%
03.06.1984 Käkelä
0%
28.05.1972 Käkiaho
0%
01.06.1975 Käkinotko
0%
31.05.1970 Kalaholma
0%
26.05.1968 Kalapuro
0%
31.05.1964 Kalkkitehdas
0%
??.??.1942 Kallioharju
0%
31.05.1959 Kalliojärvi
0%
30.05.1965 Kalliokoski
0%
16.01.1950 Kallioleikkaus
0%
28.05.1983 Kalliomäki
0%
29.05.1988 Kallislahti
0%
03.06.1976 Kalso
0%
29.05.1983 Kalvitsa
0%
03.06.1984 Kanavuori
0%
01.06.1969 | ??.??.1940 Kanerva
0%
25.09.1966 Kankaala
0%
26.05.1974 Kankainen
0%
03.06.1984 Kankari
0%
01.06.1969 Kankijärvi
0%
26.05.1968 Kannonjärvi
0%
26.05.1968 Kannonkoski kk
0%
26.05.1968 Kannonsaha
0%
01.06.1948 Kapeaselkä
0%
01.06.1975 Kaplas
0%
26.05.1974 Käpykangas
0%
27.05.1990 Karhunpää
0%
26.05.1968 Karhunpiilo
0%
23.05.1971 Karhunsalo
0%
??.??.1944 Karhusuo
0%
01.03.1957 Karikko
0%
19.09.1944 Karisalmi
0%
30.05.1954 Karjaranta
0%
01.06.1942 Kärppäkoski
0%
28.05.1978 Karppala
0%
29.05.1988 Karppi
0%
01.06.1975 Karppila
0%
29.05.1988 Karra
0%
19.09.1944 Kärstilä
0%
31.05.1970 Kärväsvaara
0%
31.05.1970 Karviainen
0%
27.05.1990 Karvoskylä
0%
31.05.1970 Kaskimaa
0%
??.??.1944 Kasvitarha
0%
26.05.1968 Kataja
0%
03.06.1946 Katila
0%
01.06.1942 Katteri
0%
02.06.1985 Kattilajoki
0%
01.12.1966 Kattilakoski
0%
31.05.1970 Kauhainen
0%
26.05.1968 Kaukas
0%
??.??.1944 Kaukila
0%
30.05.1965 Kaukoniemi
0%
01.09.1943 Kaukoniitty
0%
01.12.1966 Kaulinranta
0%
01.06.1987 Kaurila
0%
01.06.1942 Kaustar
0%
01.12.1966 Kauvosaari
0%
19.09.1944 Kavantsaari
0%
01.06.1942 Käyppälä
0%
29.05.1983 Käyrä
0%
28.05.1967 Keihäsvaara
0%
26.05.1968 Keitelepohja
0%
31.05.1981 Kelhä
0%
22.05.1977 Kelkkala
0%
29.05.1983 Kelkkamäki
0%
28.05.1978 Kellarpelto
0%
01.06.1980 Kellomäki
0%
28.05.1967 Kelloselkä
0%
27.05.1979 Keltakangas
0%
27.05.1990 Kelvä
0%
01.06.1942 Kemijoki
0%
26.05.1968 Kennää
0%
31.05.1970 Kenttä
0%
29.05.1988 Kerisalo
0%
03.06.1984 Kerma
0%
29.05.1983 Keropudas
0%
23.05.1982 Kerrola
0%
27.05.1972 Kesämäki
0%
28.05.1978 Kesäniemi
0%
14.05.1949 Kesijärvi
0%
01.12.1969 Keskijärvi
0%
25.09.1983 Keskilohja
0%
29.11.1985 Ketola
0%
31.05.1970 Keto-oja
0%
01.04.1942 Ketrepuu
0%
01.06.1987 Kettämö
0%
01.06.1975 Kettukallio
0%
01.12.1955 Kettulanlahti
0%
01.12.1969 Ketunpesä
0%
01.06.1948 Kevari
0%
23.05.1971 Kevätniemi
0%
01.06.1954 Keveli
0%
26.05.1968 Kevola
0%
30.05.1976 Kiehuva
0%
01.12.1955 Kierikkala
0%
27.09.1970 Kiiala
0%
01.06.1948 Kiikunmäki
0%
01.01.1993 Kiimkallio
0%
26.05.1968 Kiiskinmäki
0%
25.09.1983 Kiljava
0%
01.12.1955 Kilpakorpi
0%
26.05.1968 Kinanen
0%
30.05.1976 Kinnari
0%
23.10.1968 Kinni
0%
02.06.2002 Kirjokivi
0%
??.??.1944 Kirjola
0%
27.05.1990 Kirkkomäki
0%
01.04.1942 | 31.05.1949 Kirkkotie
0%
25.09.1983 Kirkniemi
0%
29.05.1988 Kirkonkangas
0%
01.06.1954 Kirma
0%
01.10.1975 Kirrisanta
0%
22.05.1977 Kirvesportti
0%
27.05.1989 Kisa
0%
24.09.1967 Kisakallio
0%
03.06.1984 Kiskotie
0%
??.??.1944 Kitelä
0%
01.03.1956 Kiusanmäki
0%
??.??.1944 Kiviaho
0%
26.05.1974 Kiviharju
0%
03.06.1973 Kivijoki
0%
26.05.1974 Kivilouhimo
0%
01.09.1954 Kiviluoma
0%
23.05.1971 Kivimäki
0%
28.05.1967 Kiviranta
0%
01.12.1955 Kivirinta
0%
26.05.1968 Klemola
0%
01.12.1955 Knuutila
0%
26.05.1968 Kohlu
0%
31.05.1970 Köhniönjärvi
0%
01.10.1953 | 29.05.1988 Koiralampi
0%
??.??.1944 Koirinoja
0%
??.??.1944 Koisilta
0%
26.05.1968 Koitsanlahti
0%
??.??.1944 Koitsansalo
0%
31.05.1970 Koitto
0%
31.05.1964 Koivikko
0%
29.05.1983 Koivio
0%
01.06.1942 Koivistonkylä
0%
??.??.1944 Koivuharju
0%
??.??.1944 Koivuniemi
0%
??.??.1940 Koivuselkä
0%
31.05.1981 Kojola
0%
30.05.1965 Kokkonen
0%
29.09.1968 Koljonvirta
0%
26.05.1968 Kolkanlahti
0%
29.05.1988 Kolkontaipale
0%
03.06.1984 Kollinjoki
0%
28.05.1989 Kolma
0%
22.05.1977 Kolo
0%
28.05.1978 Kömi
0%
27.05.1990 Komu
0%
01.12.1956 Konho
0%
01.06.1980 Konka
0%
01.12.1955 Könkkölä
0%
27.05.1990 Konna
0%
??.??.1940 Konnunkylä
0%
03.06.1984 Könönpelto
0%
23.05.1971 Kontkala
0%
28.05.1978 Konttila
0%
28.05.1967 Konttinen
0%
29.05.1983 Konu
0%
03.06.1984 Kopras
0%
01.06.1942 Korkonen
0%
14.05.1949 Kormu
0%
28.05.1967 Korpikylä
0%
28.05.1967 Korpinen
0%
??.??.1944 Korpioja
0%
01.06.1942 Korpituuri
0%
03.06.1984 Korsunmäki
0%
16.02.1949 Kortejärvi
0%
30.05.1976 Kortelainen
0%
01.06.1942 Kortelampi
0%
01.12.1969 Korvavaara
0%
01.06.1975 Korvemäki
0%
01.12.1955 Korvenkanta
0%
01.06.1980 Korvenlaita
0%
23.05.1982 Korvua
0%
31.05.1970 Koskelankylä
0%
01.12.1955 Kosola
0%
01.06.1987 Kostamo
0%
26.05.1968 Kota
0%
31.05.1981 Kotala
0%
30.05.1965 Kotalato
0%
31.05.1964 Kotasaari
0%
31.05.1970 Kotilantie
0%
01.06.1942 Koukkari
0%
01.12.1966 Koutus
0%
23.05.1982 Kovajärvi
0%
31.05.1970 Kovala
0%
02.06.1984 Kovalanmäki
0%
01.12.1969 Kovasniemi
0%
31.05.1981 Kovesjoki
0%
29.05.1983 Kovjoki
0%
31.05.1970 Köykkäri
0%
31.05.1992 Köyry
0%
27.05.1989 Krogars
0%
29.05.1983 Krouvi
0%
01.08.1952 | 31.05.1970 Kuggom
0%
23.05.1971 Kuhajärvi
0%
01.12.1969 Kuikkalampi
0%
25.09.1966 Kuirinmaa
0%
01.12.1966 Kuivakangas
0%
31.05.1970 Kuivala
0%
01.06.1969 Kujala
0%
30.05.1965 Kukkaroniemi
0%
??.??.1944 Kukkaronkylä
0%
28.05.1967 Kukkola
0%
01.06.1975 Kukkopuro
0%
28.05.1978 Kukonhiekka
0%
01.01.1989 Kulennoinen
0%
01.06.1949 Kulma
0%
03.06.1984 | 14.05.1949 Kulmala
0%
23.05.1971 Kulovesi
0%
28.05.1995 Kultakivi
0%
31.05.1981 Kumila
0%
26.05.1968 Kumiseva
0%
??.??.1944 Kummunjoki
0%
31.05.1970 Kunnarus
0%
26.05.1968 Kunnas
0%
??.??.1944 Kuokkaniemi
0%
29.05.1983 Kuona
0%
28.05.1967 Kuoppasoja
0%
03.06.1984 Kuorasjärvi
0%
19.09.1944 Kuorekoski
0%
23.05.1971 Kuorinka
0%
01.06.1942 Kuotesluoma
0%
29.05.1988 Kuovila
0%
29.05.1983 Kupparinmäki
0%
29.05.1983 Kurenpolvi
0%
22.05.1966 Kurimo
0%
01.12.1956 Kurjenkallio
0%
24.09.1967 Kurola
0%
23.05.1982 Kurtti
0%
30.05.1976 Kurvila
0%
26.05.1968 Kutemainen
0%
??.??.1944 Kutsa
0%
01.06.1942 Kuuki
0%
??.??.1944 Kuukkonen
0%
31.05.1970 Kuurna
0%
??.??.1940 Kuusaoja
0%
01.06.1987 Kuusenjuuri
0%
31.05.1970 Kuusikko
0%
06.12.2007 Kuusivaara
0%
30.05.1976 Kuusoja
0%
22.05.1966 Kuvaja-aho
0%
03.06.1984 Kuvelampi
0%
26.09.1982 Kyläjoki
0%
30.05.1954 Kylänsaari
0%
??.??.1944 Kyläpaakkola
0%
01.06.1942 Kylmäkorpi
0%
28.05.1967 Kylmälä
0%
03.06.1973 Kylmäoja
0%
01.06.1951 Kymintehdas
0%
26.05.1968 Kympinkallio
0%
01.12.1969 Kypärä
0%
28.05.1961 Kytäjä
0%
26.05.1968 Kytölä
0%
01.06.1942 Kytösaari
0%
??.??.1940 Kytösyrjä
0%
29.05.1983 Kyttälä
0%
01.10.1951 Kyyrönkoski
0%
03.06.1984 Kyyrönlampi
0%
31.05.1964 Laajakangas
0%
01.12.1955 Laajakoski
0%
01.12.1955 Laajalampi
0%
31.05.1970 Laajamäki
0%
01.06.1969 Lahdenperä
0%
01.06.1987 Lahdenvaara
0%
28.05.1967 Lähessuo
0%
28.05.1972 Lahnakangas
0%
26.05.1968 Lahoo
0%
??.??.1944 Lähteenmäki
0%
01.09.1969 Laikko
0%
29.05.1988 Laitaatsilta
0%
01.12.1955 Laitakylä
0%
01.12.1953 Laiturinkylä
0%
28.05.1967 Lakijänkä
0%
29.05.1960 Lammainen
0%
??.??.1940 Lammasniemi
0%
26.05.1968 Lamminkäyrä
0%
27.05.1990 Lamminkylä
0%
29.05.1983 Lamminmäki
0%
??.??.1954 Lamminolka
0%
??.??.1944 Lamminsalo
0%
29.05.1983 Lampu
0%
01.06.1948 Langinkoski
0%
01.10.1975 Länsipuisto
0%
31.05.1964 Länsisuo
0%
29.05.1988 Lapalie
0%
01.06.1987 Lapinaho
0%
03.06.1984 Lapinmäki
0%
23.05.1971 Lapinniemi
0%
27.05.1990 Lapinnummi
0%
25.09.1966 Läpisaari
0%
01.12.1955 Lappakoski
0%
02.06.1957 Lappala
0%
25.09.1966 Lappanen
0%
14.05.1949 Lasitehdas
0%
??.??.1944 Läskelä
0%
01.06.1948 Lastenkoti
0%
01.06.1942 Latikka
0%
01.06.1942 Latomäki
0%
28.05.1978 Latukka
0%
01.06.1942 Laturi
0%
14.05.1949 Launonen
0%
01.06.1942 Lausamo
0%
29.05.1988 Lautakangas
0%
31.08.1969 Lautasuo
0%
03.06.1973 Lautiosaari
0%
29.05.1983 Lavapuro
0%
28.05.1961 Läyliäinen
0%
28.05.1967 Lehmiportti
0%
01.12.1955 Lehmisaari
0%
03.06.1984 Lehtoniemi
0%
26.05.1968 Lehtoperä
0%
31.05.1964 Lehtoselkä
0%
??.??.1968 Leikkaus
0%
??.??.1944 Leipäsuo
0%
01.04.1942 Leivejoki
0%
27.09.1987 Lemettilä
0%
29.05.1988 Lemetty
0%
31.05.1970 Lepola
0%
31.05.1970 Leppäaho
0%
03.06.1984 Leppälahti
0%
31.05.1970 | ??.??.1944 Leppäsilta
0%
??.??.1944 Leppäsyrjä
0%
01.06.1948 Lerkka
0%
30.05.1970 Levänen
0%
30.05.1954 Levo
0%
26.05.1968 Levula
0%
26.05.1974 Liedakkala
0%
??.??.1944 Lietteenmäki
0%
26.05.1968 Liikkala
0%
??.09.1944 Liikola
0%
19.09.1944 Liimatta
0%
03.06.1984 Liminpuro
0%
??.??.1961 Linnamäki
0%
??.??.1940 Linnankivi
0%
01.10.1951 Linnankoski
0%
26.05.1974 Linnankylä
0%
31.05.1981 Linnanpelto
0%
27.05.1990 Linnava
0%
31.05.1970 Linni
0%
28.05.1983 Lintala
0%
23.05.1982 Lippo
0%
03.06.1956 Lippojärvi
0%
??.??.1944 Lipponen
0%
01.06.1942 Liuhala
0%
26.05.1968 Lohijoki
0%
15.05.1936 Lohjanmoisio
0%
27.05.1990 Loikanlahti
0%
??.??.1944 Loimola
0%
27.05.1979 Lonkka
0%
31.05.1970 Lotila
0%
01.12.1956 Lotilansalmi
0%
03.06.1973 Lotokka
0%
01.06.1948 Lotvola
0%
01.06.1975 Louhioja
0%
??.??.1944 Lounatjoki
0%
26.05.1968 Louvonmäki
0%
26.05.1968 Löytänä
0%
01.12.1955 Löytty
0%
27.09.1979 Luhtisilta
0%
23.05.1971 Lukkila
0%
30.05.1956 Lukus
0%
01.12.1955 Lumijärvi
0%
27.05.1972 Luolala
0%
26.05.1968 Luomajärvi
0%
15.05.1935 Luostarinkatu
0%
01.12.1955 Luotomurto
0%
01.01.1989 Lusto
0%
28.05.1967 Luukela
0%
03.06.1973 Luupujoki
0%
??.??.1944 Luurinmäki
0%
27.05.1990 Lyly
0%
01.06.1969 Lyytikkälä
0%
29.05.1988 Lyytilänmäki
0%
31.05.1970 Maaniittu
0%
27.05.1990 Maanselkä
0%
27.05.1990 Maarjärvi
0%
29.05.1983 Mäenkylä
0%
31.05.1981 Mäenpää
0%
27.05.1990 Mahala
0%
01.06.1942 Mäiskälä
0%
26.05.1975 Maitolaituri
0%
26.05.1979 Makarla
0%
28.05.1967 Mäkipeura
0%
??.??.1944 Makslahti
0%
25.09.1966 Maliniemi
0%
??.??.1940 Maltina
0%
31.05.1970 Mankala
0%
30.05.1970 Männistö
0%
31.05.1981 Mantilo
0%
03.06.1984 Mäntylahti
0%
01.10.1975 Mäntyluodon satama
0%
31.05.1981 Mäntynen
0%
28.05.1967 Mäntyvaara
0%
27.05.1979 Marinkylä
0%
01.06.1987 Marjomäki
0%
01.06.1951 | 15.11.1961 Marjoniemi
0%
01.12.1966 Marjosaari
0%
01.04.1942 Martikkala
0%
28.05.1967 Martimo
0%
29.05.1988 Massilanmäki
0%
28.05.1967 Matalamaa
0%
27.05.1979 | 27.05.1990 Mätäsvaara
0%
01.12.1955 Matela
0%
01.03.1957 Matinlauri
0%
28.05.1967 Matkakoski
0%
26.05.1968 Matkalampi
0%
03.06.1973 Maurila
0%
27.05.1979 Mehtälä
0%
03.06.1984 Meijerhovi
0%
03.06.1984 Melalahti
0%
22.05.1977 Melkkola
0%
31.05.1970 Meltola
0%
26.05.1963 Meriläinen
0%
??.??.1944 Merisuo
0%
29.05.1983 Merstola
0%
01.06.1942 Meskala
0%
??.??.1944 Mesterjärvi
0%
01.12.1956 Metsäkansa
0%
30.05.1954 Metsäkulma
0%
31.05.1992 Metsolahti
0%
01.08.1952 | 31.05.1970 Michelspiltom
0%
01.12.1955 Mieho
0%
31.05.1981 Miekelä
0%
??.??.1944 Miekkalampi
0%
27.05.1979 Mielojärvi
0%
03.06.1984 Mieslahti
0%
01.06.1942 Mietala
0%
??.??.1944 Miettinen
0%
01.06.1954 Miettula
0%
28.05.1972 Mikka
0%
01.12.1955 Mikkilä
0%
28.05.1967 Mikonjärvi
0%
15.05.1934 Mikrilä
0%
31.05.1964 Moksu
0%
??.??.1944 Monola
0%
02.06.2002 Mouhu
0%
31.05.1970 Möykynmäki
0%
01.06.1942 Muhanen
0%
22.05.1977 Muijala
0%
01.06.1987 Mulo
0%
28.05.1972 Multaharju
0%
01.06.1980 Multamäki
0%
31.03.1933 Murhakorpi
0%
01.06.1975 Murtojärvi
0%
28.05.1983 Murtomäki
0%
??.??.1944 Mustakallio
0%
31.05.1970 Mustalampi
0%
??.??.1944 Mustamäki
0%
01.06.1954 Mustikkakangas
0%
??.??.1944 Mustikkamäki
0%
26.05.1968 Muukko
0%
30.05.1976 Muuraisniemi
0%
26.05.1968 Muuras
0%
01.12.1955 Muurimäki
0%
26.05.1974 Mykänmäki
0%
03.06.1984 Myllykangas
0%
29.05.1983 Myllylä
0%
22.05.1972 Myllynsulku
0%
26.05.1968 Myllyoja
0%
26.05.1968 Myllypohja
0%
28.05.1967 Myllytie
0%
01.11.1963 Myrans
0%
29.05.1983 Myrrä
0%
27.09.1970 Naakkima
0%
13.08.1990 Naantalin satama
0%
01.06.1975 Naapurinvaara
0%
31.05.1992 Naarajärvi
0%
28.05.1978 Naarakoski
0%
??.??.1944 Näätäoja
0%
29.05.1983 Nahkola
0%
??.??.1944 Naistenjärvi
0%
23.05.1993 Näljäneva
0%
01.06.1949 Nälli
0%
01.12.1966 Nappiainen
0%
31.05.1981 Napue
0%
01.06.1969 Närvilä
0%
28.05.1967 Näsijoki
0%
??.??.1944 Naurisjärvi
0%
31.05.1970 Navettaoja
0%
23.05.1982 Neste
0%
01.06.1975 Niemet
0%
01.06.1942 Nieminikkola
0%
31.05.1992 Niemisjärvi
0%
23.05.1971 Niemiskylä
0%
01.06.1948 Nihua
0%
27.05.1990 Niinimaa
0%
31.05.1970 Niinimäki
0%
28.05.1972 Niinisaari
0%
01.06.1987 Niinivaara
0%
01.06.1987 Niittylahti
0%
28.05.1961 Niittymäki
0%
23.05.1971 Nikkarila
0%
01.06.1948 Nikulanmäki
0%
29.05.1983 Nilos
0%
31.05.1981 Niskos
0%
03.06.1984 Nivavaara
0%
??.??.1944 Nokko
0%
03.06.1984 Nostamo
0%
31.05.1992 Nostava
0%
27.09.1981 Notkola
0%
02.06.1984 Nujula
0%
26.05.1979 Nunna
0%
01.06.1975 Nuolijärvi
0%
23.05.1971 Nuolikoski
0%
??.??.1944 Nuoraa
0%
28.05.1967 Nuottioranta
0%
27.09.1987 Nutturla
0%
01.06.1948 Nykyri
0%
01.06.1969 Nytkyme
0%
28.05.1972 Ohenmäki
0%
31.05.1970 Ohenneva
0%
01.12.1955 Ojakorpi
0%
01.10.1945 Ojalanoja
0%
31.05.1964 Ojalatva
0%
27.05.1979 Ojamaa
0%
01.06.1942 Ojanperä
0%
01.12.1955 Ojasaari
0%
01.06.1987 Okkula
0%
31.05.1981 Oksava
0%
23.05.1982 Olkiaho
0%
31.05.1970 Ollonen
0%
27.05.1990 Omenamäki
0%
05.06.2005 Onkamo
0%
01.06.1975 Onttola
0%
03.06.1984 Oravakallio
0%
28.05.1978 Oravijärvi
0%
23.05.1982 Oravivaara
0%
02.06.2002 Orilampi
0%
27.05.1990 Oripohja
0%
27.05.1990 Oulu Tuira
0%
27.05.1990 Outinen
0%
28.05.1989 Outokumpu kaupunki
0%
31.05.1970 Outo-oja
0%
27.05.1979 Paakkola
0%
01.06.1942 Pääkkönen
0%
31.05.1970 Paanukkala
0%
01.06.1942 Paattio
0%
23.05.1982 Päävaara
0%
01.06.1942 Paavolankylä
0%
01.06.1969 Pahaoja
0%
28.05.1967 Pahtoaapa
0%
27.05.1972 Paikkari
0%
??.??.1944 Päivärinne
0%
02.06.1991 Päivölä
0%
31.05.1970 Pajamäki
0%
22.05.1977 Pajari
0%
31.05.1980 Paju
0%
03.06.1984 Pajujärvi
0%
31.05.1970 Pajula
0%
01.06.1948 Pajuluoma
0%
01.08.1952 | 31.05.1970 Pakaa
0%
01.12.1966 Pakisjärvi
0%
31.05.1970 Pakkala
0%
01.06.1969 Pakomäki
0%
01.06.1942 Palkkikangas
0%
??.09.1944 Pälksaari
0%
31.05.1970 Palojärvi
0%
01.06.1975 Palokangas
0%
01.06.1975 Palokki
0%
31.05.1981 Palokoski
0%
30.09.1951 | 31.05.1970 Palomäki
0%
01.12.1982 Paloranta
0%
01.09.1965 Palosaari
0%
22.05.1977 Palosuo
0%
28.05.1972 Paloviita
0%
03.06.1984 Palvajärvi
0%
01.12.1955 Pänkälä
0%
??.??.1944 Papero
0%
31.05.1970 Pappila
0%
28.05.1978 Parantala
0%
31.05.1970 Parkkima
0%
??.??.1944 Parkonvaara
0%
29.05.1988 Parkumäki
0%
01.03.1977 Parpola
0%
29.05.1988 Partaharju
0%
27.05.1979 Pasanen
0%
19.09.1944 Patalahti
0%
01.06.1948 Patamäki
0%
01.08.1952 | 01.10.1963 Patuna
0%
31.05.1981 Pauhu
0%
27.05.1990 Paukkaja
0%
01.06.1942 Paukkaneva
0%
28.05.1967 Pekanpää
0%
15.12.2000 Pelkola
0%
01.06.1975 Pelkonen
0%
29.05.1983 Pellesmäki
0%
31.05.1964 Peltomäki
0%
03.06.1984 Peltosalmi
0%
01.08.1952 | 31.05.1970 Pennala
0%
26.05.1968 | ??.??.1940 Penttilä
0%
01.06.1948 Pentura
0%
??.??.1940 Peräkylä
0%
31.05.1970 Periäinen
0%
??.??.1944 Perkjärvi
0%
??.??.1944 Pero
0%
23.05.1982 Pesiökylä
0%
31.05.1970 Petäikkö
0%
31.05.1970 Petäjälahti
0%
27.05.1979 Petäjäskoski
0%
26.05.1974 Petes
0%
28.05.1967 Petivaara
0%
03.06.1984 Peuranmäki
0%
22.05.1966 Pihkala
0%
30.05.1970 Pihkamäki
0%
29.05.1983 Pihlajamäki
0%
31.05.1970 Pihnari
0%
31.05.1981 Piili
0%
23.05.1982 Piilikangas
0%
26.05.1968 Piilola
0%
02.06.1984 Piilunlahti
0%
31.05.1970 Piipsjärvi
0%
31.05.1970 Piiru
0%
??.??.1944 Piitsjoki
0%
27.05.1979 Pikkusuo
0%
01.12.1955 Pilkko
0%
01.06.1948 Pilli
0%
??.??.1944 Pilppula
0%
31.05.1970 Piltola
0%
22.05.1977 Pinjainen
0%
01.04.1942 Pinomäki
0%
31.05.1970 Pirhiänniemi
0%
31.05.1992 Pirttijärvi
0%
29.05.1983 Pirttikangas
0%
28.05.1967 Pirttilä
0%
03.06.1984 Pirttiselkä
0%
27.05.1990 Pitkäaho
0%
26.05.1974 Pitkäjärvi
0%
29.05.1983 Pitkälahti
0%
01.12.1955 Pitkäporras
0%
??.??.1944 Pitkäranta
0%
26.05.1974 Piuha
0%
03.06.1984 Pohjakoski
0%
31.05.1980 Pohjamäki
0%
26.05.1979 Pohjankuru
0%
30.05.1965 Pohjoiskylä
0%
30.05.1965 Poikkilahti
0%
01.06.1980 Poitti
0%
27.05.1990 Pokronlampi
0%
??.??.1944 Pölläkkälä
0%
01.12.1955 Pontus
0%
01.08.1952 | 31.05.1970 Porlammi
0%
??.??.1940 Porosilta
0%
26.05.1968 Porttinotko
0%
31.05.1981 Porvoon keskusta
0%
28.05.1983 Potila
0%
28.05.1967 Potkukorva
0%
01.03.1957 Preitilä
0%
15.05.1934 Puijonkatu
0%
31.05.1964 Puijonsarvi
0%
28.05.1967 Puikkola
0%
01.12.1955 Puistokuja
0%
22.05.1966 Punasvaara
0%
??.??.1944 Punnus
0%
26.05.1968 Puntala
0%
??.??.1944 Puolakka
0%
31.05.1970 Puoliväli
0%
01.12.1966 Puonavaara
0%
27.09.1964 Puronkylä
0%
??.??.1940 Purovaara
0%
31.05.1981 Puska
0%
01.12.1955 Puskamarkki
0%
??.??.1944 Pusoisvaara
0%
01.06.1948 Putaala
0%
27.05.1990 Puukari
0%
31.05.1970 Puusaari
0%
26.05.1968 Puustelli
0%
31.05.1964 Pyhänsivu
0%
27.05.1979 Pylväsjoki
0%
01.12.1955 Pynnönen
0%
01.06.1942 Pynttäri
0%
28.05.1978 Pyöree
0%
29.05.1988 Pyssy
0%
01.10.1951 Pyy
0%
31.05.1944 Pyydyskangas
0%
31.05.1964 Pyykkö
0%
26.05.1968 Pyylampi
0%
01.06.1942 Pyymaa
0%
30.05.1951 Raemäki
0%
19.09.1944 Rahikkala
0%
29.05.1983 Rahkee
0%
27.05.1990 Rahkmala
0%
28.05.1978 Rahkola
0%
29.05.1983 Rahola
0%
01.12.1966 Rahtula
0%
??.??.1944 Rainio
0%
22.05.1977 Raippo
0%
29.05.1983 Raitoo
0%
??.??.1944 Raivola
0%
30.05.1965 Rajakorpi
0%
30.05.1976 Rajasuo
0%
??.??.1944 Rajasuvanto
0%
31.05.1970 Rämälä
0%
??.??.1944 Rankjärvi
0%
28.05.1967 Rantaharju
0%
27.05.1990 Räntämäki
0%
01.12.1956 Rantoo
0%
01.06.1948 Räsäpori
0%
27.09.1964 Rasila
0%
28.05.1972 Rasimäki
0%
01.12.1966 Ratasjoki
0%
01.09.1941 | 01.12.1955 Rättö
0%
31.05.1992 Raudanjoki
0%
23.05.1993 Raudaskylä
0%
30.05.1976 Rauhakylä
0%
28.05.1961 | ??.??.1944 Rauhala
0%
01.03.1955 Rauhalahti
0%
??.??.1944 Rauhala-Itäinen
0%
03.06.1984 Rauhamäki
0%
29.05.1960 Rautajoki
0%
01.10.1951 Rautatehdas
0%
28.05.1967 Rautavuori
0%
30.05.1954 Reikko
0%
01.06.1975 Rekiniemi
0%
31.05.1970 Rekisuo
0%
25.09.1966 Relletti
0%
16.02.1949 Rennelä
0%
19.09.1944 Repola
0%
28.05.1967 Repovaara
0%
26.05.1974 Revonoja
0%
01.10.1975 | 30.05.1954 Rieskala
0%
30.05.1965 Riihikangas
0%
31.05.1970 Riihioja
0%
01.06.1941 Riijärvi
0%
22.05.1977 Rikkilä
0%
29.05.1979 Rimmi
0%
01.06.1942 Rimmijoki
0%
03.06.1984 Rintakorpi
0%
01.12.1955 Rissala
0%
15.04.1943 Ristaniemi
0%
29.05.1983 | 29.08.1966 Riste
0%
01.06.1947 Ristikangas
0%
11.11.1933 Ristikulma
0%
28.05.1978 Ristimäki
0%
01.06.1942 Ristineva
0%
31.05.1964 Ristiniemi
0%
28.05.1989 Ristinpohja
0%
01.01.1936 Ristioja
0%
23.05.1971 Ristisaari
0%
28.05.1967 Ristisuo
0%
02.06.1957 Ristonkangas
0%
??.??.1944 Ristseppälä
0%
01.06.1949 Ritikka
0%
28.05.1967 Ritola
0%
28.05.1984 Riuttanen
0%
31.05.1970 Roikola
0%
??.??.1944 Roikonkoski
0%
??.??.1944 Roisko
0%
31.05.1970 Roitto
0%
31.05.1970 Rokanselkä
0%
??.??.1944 Rokkalankoski
0%
31.05.1964 Romppainen
0%
01.06.1969 Roppola
0%
01.06.1969 Rotiala
0%
28.05.1978 Rotkola
0%
01.06.1987 Rouanaho
0%
01.03.1964 Rovakangas
0%
01.06.1975 Rovastila
0%
31.05.1964 Ruikka
0%
01.12.1982 Rukkamäki
0%
28.05.1989 Rummukka
0%
27.05.1990 Rumo
0%
26.05.1979 Runko
0%
03.06.1984 Ruokosaari
0%
31.05.1964 Ruostekallio
0%
01.06.1948 Ruostesuo
0%
30.05.1976 Ruotanen
0%
28.05.1973 Ruskila
0%
01.12.1969 Ruunakallio
0%
01.06.1975 Ruunalampi
0%
03.06.1956 Ruusulehto
0%
01.06.1942 Ruutti
0%
27.05.1990 Ryönänjoki
0%
01.06.1949 Rytikari
0%
01.06.1948 Säälampi
0%
02.06.1985 Saarela
0%
29.05.1983 Saarenkylä
0%
01.12.1953 Saarenmäki
0%
28.05.1967 Saarenpää
0%
28.05.1978 Saarijärvi kk
0%
27.05.1990 Sääskiniemi
0%
03.06.1973 Sahinsilta
0%
01.06.1942 Säilönneva
0%
??.??.1944 Säiniö
0%
26.05.1968 Säkkisuo
0%
31.05.1981 Saksala
0%
01.06.1951 Saksanaho
0%
28.05.1967 Sallantie
0%
27.05.1990 | 31.05.1949 Salminen
0%
28.05.1967 Salmivaara
0%
19.09.1944 Salojärvi
0%
??.??.1944 Salo-Mälkölä
0%
01.09.1953 Salosaari
0%
03.06.1973 Sammalkangas
0%
31.05.1975 Santalahti
0%
03.06.1956 Santamaa
0%
14.05.1949 Santamäki
0%
01.06.1980 Santti
0%
28.05.1989 Sappu
0%
26.05.1968 Sapra
0%
01.06.1987 Sarakangas
0%
28.05.1978 Saramäki
0%
28.05.1978 Sarja
0%
03.06.1973 Särkikoski
0%
01.06.1987 Särkilahti
0%
01.01.1989 Särkisalmi
0%
23.05.1971 Särkisoppi
0%
28.05.1989 Sarvikumpu
0%
01.01.1938 Satamakatu
0%
01.12.1956 Säteri
0%
01.06.1987 Saunakari
0%
??.??.1944 Saunalahti
0%
23.05.1971 Saunaniemi
0%
01.03.1957 Saunio
0%
01.08.1986 Saviaho
0%
28.05.1983 Saviharju
0%
01.12.1956 | 14.05.1934 Savikko
0%
01.12.1956 Savilahti
0%
31.05.1970 Savimäki
0%
26.05.1968 Säyneenjoki
0%
31.05.1964 Seelanti
0%
26.05.1968 Seesta
0%
26.05.1968 Seikka
0%
26.05.1968 Seläntaus
0%
25.09.1983 Selki
0%
01.06.1969 Selkosaari
0%
03.06.1984 Sepänsalmi
0%
01.07.1948 Siekkilä
0%
03.06.1973 Siekkinen
0%
30.05.1965 Sihvonlahti
0%
26.05.1974 Siihtala
0%
28.05.1989 Siikamäki
0%
22.05.1966 Siikaranta
0%
27.05.1990 Siikasuo
0%
31.05.1964 Siira
0%
27.05.1990 Siitama
0%
31.05.1970 Sikaneva
0%
23.05.1971 Sikomäki
0%
01.06.1942 Sillasto
0%
26.05.1968 Siltala
0%
01.12.1954 Siltanen
0%
23.05.1982 Siltasuo
0%
22.05.1966 Silvasti
0%
27.05.1979 Simana
0%
01.06.1942 Simppa
0%
26.05.1968 Sinilähde
0%
28.05.1967 Sipilä
0%
22.05.1966 Sipola
0%
28.05.1967 Sipovaara
0%
31.05.1964 Sippu
0%
11.11.1933 Sirkkula
0%
01.12.1955 Siro
0%
01.06.1969 Sitikkala
0%
01.08.1952 | 31.05.1970 Skinnarby
0%
26.09.1965 Soidinkangas
0%
28.05.1983 Soinlahti
0%
31.05.1970 Sokeri
0%
27.05.1990 Sokojoki
0%
02.06.1957 Solansuu
0%
01.06.1969 Solttila
0%
22.05.1977 Somerharju
0%
??.??.1944 Sommee
0%
22.05.1971 Sopero
0%
25.09.1966 Soramäki
0%
19.09.1944 Sorjo
0%
31.05.1964 Sorsasalo
0%
??.??.1944 Sorvali
0%
01.06.1941 Sorvisto
0%
01.04.1942 Sotala
0%
29.05.1983 Sotkia
0%
01.10.1951 Sotkulampi
0%
01.08.1952 | 31.05.1970 Sudenkivi
0%
01.06.1987 Suhmura
0%
28.05.1972 Suhonen
0%
29.05.1983 Suihkola
0%
??.09.1944 Suikka
0%
??.??.1944 Sulkujärvi
0%
24.09.1967 Sulkulahti
0%
01.06.1975 Sulkuniemi
0%
??.??.1940 Sumeria
0%
28.05.1978 Summakoski
0%
??.??.1944 Suojoki
0%
31.05.1970 Suonperä
0%
26.05.1968 Suonranta
0%
31.05.1964 Suosaari
0%
26.05.1968 Survoneva
0%
31.05.1964 Suuraho
0%
22.05.1966 Suurisuo
0%
01.06.1954 Suutari
0%
26.05.1968 Suvannonlahti
0%
28.05.1989 Syrjä
0%
26.05.1968 Syrjärinne
0%
23.05.1982 Syrjävaara
0%
02.06.1957 Sysmäjärvi
0%
19.09.1944 Syväoro
0%
01.12.1955 Tähtiniemi
0%
??.??.1940 Taikina
0%
01.03.1977 Tainionkoski
0%
31.05.1970 Taipale
0%
01.12.1961 | 23.05.1982 Taivalniska
0%
31.05.1964 Taivalvaara
0%
31.05.1970 Takalisto
0%
30.05.1965 Takasalo
0%
01.03.1957 Takkuranta
0%
19.09.1944 Tali
0%
01.06.1953 Talola
0%
26.05.1972 Tammisto
0%
22.05.1977 Tani
0%
01.12.1955 Tapiola
0%
??.??.1944 Tapola
0%
28.05.1967 Taro
0%
28.05.1961 Tattara
0%
31.05.1964 Tavikallio
0%
27.05.1979 Tehola
0%
11.11.1933 Tehtaankatu
0%
27.05.1979 Tehtaanmäki
0%
01.06.1951 Tehtaanportti
0%
22.05.1977 Telkjärvi
0%
31.05.1970 Temmesjoki
0%
15.05.1938 Tenetti
0%
28.09.1980 Tenkkula
0%
23.05.1993 Tennilä
0%
28.05.1967 Teppola
0%
31.05.1964 Ternujoki
0%
31.05.1970 Tervalahti
0%
01.12.1955 Tervapuro
0%
??.09.1944 Tervasalo
0%
01.12.1969 Tervasuo
0%
22.05.1966 Tervatie
0%
??.??.1944 Tienhaara
0%
27.05.1990 Tiensuu
0%
03.06.1984 Tiihola
0%
02.06.1984 Tiituspohja
0%
01.06.1954 Tikanniemi
0%
27.05.1990 Tikkakallio
0%
31.05.1964 Tikkalansaari
0%
26.05.1968 Tikkamäki
0%
28.05.1983 Tikkaperä
0%
29.05.1983 Timankangas
0%
??.??.1944 Tirhiä
0%
01.12.1955 Tirkkonen
0%
27.05.1979 Tiusala
0%
01.12.1948 Tiviä
0%
01.09.1941 Toijalan satama
0%
26.05.1979 Toikkala
0%
26.05.1974 Tokero
0%
28.05.1967 Tolppi
0%
01.03.1946 Tölskänniemi
0%
01.12.1955 Tolva
0%
27.05.1990 Tommola
0%
01.06.1942 Toppa
0%
31.05.1970 Töpsävä
0%
23.05.1993 Torhola
0%
01.06.1969 Torkkeli
0%
27.05.1979 Törmä
0%
27.05.1990 Törmälä
0%
31.05.1970 Törmänperä
0%
29.05.1988 Tornio asema
0%
03.05.2004 Tornio-Pohjoinen
0%
26.05.1968 Törölä
0%
19.09.1944 Toronki
0%
01.06.1942 Torppa
0%
01.06.1975 Törrö
0%
15.05.1952 Torttila
0%
03.06.1973 Tossava
0%
11.11.1933 Tottola
0%
31.05.1964 Toukosuo
0%
03.05.1956 Träskkulla
0%
29.05.1988 Trollböle
0%
22.05.1977 Tuhkakangas
0%
25.09.1966 Tulikaira
0%
01.01.1942 Tulilampi
0%
??.??.1944 Tuntsa
0%
31.05.1970 Tuohilampi
0%
27.09.1987 Tuohimutka
0%
??.??.1944 Tuokslahti
0%
26.05.1968 Tuomikylä
0%
03.06.1984 Tuovila
0%
01.12.1955 Tupakkala
0%
01.12.1955 Tuppela
0%
31.05.1970 Turvemaa
0%
01.08.1986 Tuulimäki
0%
01.10.1963 Tuunaansalmi
0%
??.??.1944 Tynninen
0%
31.05.1992 Tyris
0%
??.??.1940 Tyrisevä
0%
30.05.1976 Tyrysoja
0%
27.05.1990 Uhlu
0%
23.05.1971 Uilo
0%
25.09.1976 Uitto
0%
27.05.1990 Ukkola
0%
31.05.1953 Ulasoori
0%
23.05.1982 Unikankare
0%
26.05.1968 Untamo
0%
26.05.1968 Urheiluopisto
0%
??.??.1944 Uuksu
0%
??.??.1944 Uuraansalmi
0%
??.??.1944 Uuras
0%
01.10.1975 Uusiniitty
0%
01.06.1987 Uusi-Värtsilä
0%
01.06.1942 Uusmäki
0%
??.??.1940 Uutela
0%
01.06.1975 Uuttula
0%
??.??.1944 Vaaherjoki
0%
23.05.1982 Vääkiö
0%
01.06.1954 Vaalankurkku
0%
26.05.1974 Väärälahti
0%
23.12.1992 Vaasan satama
0%
31.05.1970 Väätti
0%
31.05.1981 Vähäkangas
0%
30.05.1954 Vähärauma
0%
25.05.1968 Vähätalo
0%
01.06.1942 Vahermäki
0%
15.02.1945 Vainoinen
0%
23.05.1971 Välijoki
0%
??.??.1944 Välikylä
0%
26.05.1968 Välilä
0%
31.05.1981 Välimaa
0%
??.??.1944 Välimäki
0%
31.05.1970 Välioja
0%
28.05.1972 Välisalo
0%
23.05.1982 Välivaara
0%
28.05.1967 Väljänkoski
0%
31.05.1981 Valkama
0%
27.05.1990 Valkeajärvi
0%
01.06.1987 Valkeasuo
0%
01.12.1969 Valkeavaara
0%
30.05.1966 Valkeinen
0%
31.08.1966 Valkeiskangas
0%
01.08.1952 Valko
0%
01.10.1963 Valkon Keskusta
0%
27.09.1987 Vallainen
0%
01.10.1951 Vallinkoski
0%
01.10.1978 Valtaala
0%
01.12.1955 Valtasaari
0%
??.??.1940 Vammeljoki
0%
??.??.1961 Vanhakylä
0%
01.06.1948 Vanhatie
0%
31.05.1981 Vanikko
0%
03.06.1973 Vannevaara
0%
23.05.1971 Vapanen
0%
01.06.1942 Vapunmäki
0%
27.05.1979 Värälä
0%
26.05.1968 Varanen
0%
31.05.1970 Varjus
0%
31.05.1970 Värminkoski
0%
27.05.1990 Varpanen
0%
31.05.1970 Varpasuo
0%
26.05.1974 Vartiala
0%
01.08.1952 | 01.10.1963 Varvi
0%
28.05.1961 Vaskijärvi
0%
31.05.1981 Vaskuu
0%
27.09.1987 Vatia
0%
29.05.1988 Vatiala
0%
15.02.1945 Vatsela
0%
01.12.1955 Vatunen
0%
31.05.1970 Vauhkola
0%
01.01.1994 Vedenoja
0%
31.05.1970 Vehkamaa
0%
01.06.1975 Vehkaoja
0%
01.06.1987 Vehkapuro
0%
01.12.1965 Vehkasuo
0%
19.09.1944 Vehkee
0%
31.05.1970 Vehkosilta
0%
01.06.1949 Veitsiluoto
0%
31.05.1967 Vellioja
0%
27.05.1990 Vellua
0%
01.06.1948 Venekallio
0%
30.05.1992 Ventälä
0%
03.06.1984 Verkkoniemi
0%
17.08.1953 Vesijärvi
0%
31.05.1964 Vesikallio
0%
03.06.1984 Vesta
0%
03.06.1984 Vetämäjärvi
0%
29.05.1988 Viantie
0%
27.05.1990 Viekki
0%
01.12.1955 Viertola
0%
25.08.1941 Vihanta
0%
01.11.1964 | 29.05.1983 Vihnusjärvi
0%
03.06.1984 Vihtamo
0%
01.03.1955 Vihtiälä
0%
29.11.1985 Viima
0%
26.05.1968 Viimola
0%
01.12.1955 Viiniranta
0%
03.06.1984 Viita-aho
0%
01.04.1951 Viitiluhta
0%
31.05.1970 Viittamäki
0%
01.08.1952 Viljamaa
0%
01.06.1969 Vilkkilä
0%
31.05.1970 Villi
0%
31.05.1975 Villisi
0%
01.12.1969 Vilvasjoki
0%
01.01.1993 Vinkkilä
0%
01.08.1952 | 31.05.1970 Virenoja
0%
23.05.1971 Virmastaipale
0%
03.06.1984 Virpelä
0%
01.06.1942 Vitikka
0%
01.01.1989 Viuhonmäki
0%
02.06.2002 Voikoski
0%
??.??.1944 Voitajoki
0%
29.05.1988 Voitoinen
0%
27.05.1990 Voltti
0%
30.05.1976 Vorna
0%
01.10.1951 Vuoksen satama
0%
01.06.1975 Vuolinko
0%
31.05.1970 Vuolle
0%
01.03.1959 Vuopioranta
0%
03.06.1984 Vuorensyrjä
0%
28.05.1967 Vuosamo
0%
??.09.1944 Wärtsilä
0%
23.12.1992 Wasalandia
0%
??.??.1944 Ykspää
0%
01.06.1948 Ykspihlaja
0%
27.05.1979 Yläkolkki
0%
28.05.1978 Ylemmäinen
0%
11.11.1933 Ylhäinen
0%
01.06.1942 Ylirantala
0%
01.06.1942 Ylivekkoski
0%
28.05.1967 Yli-Vojakkala
0%
26.05.1968 Yllikkälä
0%
31.05.1981 Yltiä
0%
31.05.1970 Yrjölä
0%
01.06.1942 Yrjönmäki
0%
01.04.1944 Yyteri
0%
Ehtoja vastaavia visoja ei löytynyt
Tulosjakauma
Jokaisen tuloksen saaneiden osuus
Persentiili vastausten määrän mukaan
Tuloshistoriasi
Et ole pelannut tätä visaa sen viimeisimmän päivityksen jälkeen